| 000 | 00618nam a2200205 a 4500 | ||
|---|---|---|---|
| 005 | 20210223133421.0 | ||
| 008 | 171012s2007 mx r 000 0 spa d | ||
| 020 | _a9788434229884 | ||
| 035 | _aUPN01000220894 | ||
| 049 | _aI | ||
| 050 | 4 |
_aQH541.5 D4 _bB3.3 |
|
| 100 | 1 |
_aBarres Manuel, Josep Maria _937258 |
|
| 245 | 1 | 4 |
_aLos desiertos / _ctextos de Josep Maria Barres ; il. Amadeu Blasco. |
| 260 |
_aBarcelona, Esp. : _bParramón, _c2007. |
||
| 300 |
_a40 p. : _bil. col. |
||
| 440 | 0 | _aGuías de la naturaleza | |
| 650 | 4 |
_aDESIERTOS - _vLITERATURA INFANTIL _921317 |
|
| 905 | _aInfantil | ||
| 999 |
_c192993 _d192993 |
||